000 00440nam a2200157 4500
001 125671
003 ES-MaACL
005 20230906192657.0
007 t|
008 070214s1968 sp r ||||1| spa d
100 1 _aRegalado, José Manuel.
_995866
245 1 0 _aNombre común /
_cJosé Manuel Regalado.
260 _aSalamanca :
_b[s. n.],
_c1968 (
_fGráf. Víctor)
300 _a30 f. ;
_c21 cm.
852 _aES-MaACL
_jC-34702
_bR.66781
999 _c125671
_d125671